000 00407nam a22001577a 4500
005 20200529160203.0
008 200529b xxu||||| |||| 00| 0 eng d
041 _aeng
082 _a340
100 _aBARE ACT
_95744
245 _aTHE MAJORITY ACT, 1875 ALONG WITH THE GUARDIANS AND WORDS ACT, 1990
260 _aDELHI
_bPROFESSIONAL BOOK PUBLISHERS
300 _a24p
650 _aLAW
_95701
942 _cBK
999 _c6620
_d6618